00231nam a2200097Ia 4500008004100000041000800041082001200049100001500061245003300076260002400109231212s1976 xx 000 0 und d aeng a621.381 aDeshapande aElements Of Electrical Tech. aPunebNew Heic1976